000 00400 a2200121 4500
020 _a9780195476453
082 _a954.915 AXM
100 _aAxmann, Martin
245 _aBack to the Future the Khanate of Kalat and the Genesis of Baloch Nationalism 1915-1955 /
_cMartin Axmann
260 _aPakistan
_bOxford university press,
_c2009
300 _axxiii, 336p. ;
_bill. ;
_c23 cm
650 _aHistory -- Baloch
650 _aKalate War
999 _c2350
_d2350